000 00339pab a2200145 454500
008 180718b1983 xxu||||| |||| 00| 0 eng d
100 _aSimha,S.L.N.
245 _aTime now for a bold action to improve banking
260 _c1983
300 _a8-10,25
362 _a16 July
650 _aBanks - India
773 _aYojana
909 _a4358
999 _c4358
_d4358